000 00978naa a22002657a 4500
001 BR8701725
003 BR-BrBNA
005 20240918175757.0
007 ta
008 230509b bl.||||| |||| 00| 0 por d
040 _aBR-BrBNA
_bpor
_cBiblioteca Nacional de Agricultura
041 _a(Pt)
072 _aQ02
_b9410
090 _aQ02 BR8701725
100 1 _aBotazzi, V.
111 1 _a4. Congresso Nacional de Laticinios
_cJuiz de Fora, MG (Brazil)
_d18-22 Jul 1977
245 1 _aCultura de fermentos lacticos: cultura natural, Starters. Cultura combinada
260 3 _aBelo Horizonte, MG (Brasil):
_c1977.
500 _aAnais do 4. Congresso Nacional de Laticinios Belo Horizonte, MG (Brasil): 1977. p. 43-56 (BR8701725-AM)Q02
650 _aLEITE
650 _aFERMENTACAO LATICA
773 0 _tAnais do 4. Congresso Nacional de Laticinios
_wQ02 BR8701725
_gBelo Horizonte, MG (Brasil), 1977. p. 43-56
909 _a202404
_bLucia
_c55
_dLucia Elande
942 _cAM
_2AGRIS
999 _c318097
_d318097